[Event "46th GRE-chT Premier 2018"]
[Site "Rio Achaia"]
[Date "2018.07.12"]
[Round "4"]
[White "Triantos, Konstantinos"]
[Black "Stefan, Victor"]
[Result "1-0"]
[WhiteElo "2078"]
[BlackElo "2102"]
[Annotator "NA"]
[PlyCount "105"]
[EventDate "2018.07.10"]
[EventType "team-tourn"]
[EventCountry "GRE"]
[SourceTitle "playchess.com"]
[Source "ChessBase"]
[SourceQuality "1"]
[TimeControl "40/5400+30:1800+30"]

1. e4 {[%emt 0:00:00]} e5 {[%emt 0:00:00]} 2. Nf3 {[%emt 0:00:00]} Nc6 {[%emt 0:00:00]} 3. Bb5 {[%emt 0:00:00]} a6 {[%emt 0:00:00]} 4. Ba4 {[%emt 0:00:00]} Nf6 {[%emt 0:00:00]} 5. O-O {[%emt 0:00:09]} Be7 {[%emt 0:00:00]} 6. d3 {[%emt 0:00:57]} b5 {[%emt 0:00:13]} 7. Bb3 {[%emt 0:00:05]} d6 {[%emt 0:00:21]} 8. a3 {[%emt 0:00:03]} O-O {[%emt 0:00:10]} 9. Nc3 {[%emt 0:00:06]} Nb8 {[%emt 0:00:13]} 10. Ne2 {[%emt 0:00:22]} Nbd7 {[%emt 0:00:13]} 11. c3 {[%emt 0:07:56]} Nb6 {[%emt 0:00:24]} 12. Re1 {[%emt 0:01:18]} c5 {[%emt 0:00:23]} 13. Ng3 {[%emt 0:01:47]} c4 {[%emt 0:09:50]} 14. Bc2 {[%emt 0:02:57]} cxd3 {[%emt 0:00:12]} 15. Qxd3 {[%emt 0:00:29]} Qc7 {[%emt 0:01:30]} 16. Nh4 {[%emt 0:07:25]} Re8 {[%emt 0:42:32]} 17. Nhf5 {[%emt 0:08:19]} Be6 {[%emt 0:05:31]} 18. Nxe7+ {[%emt 0:02:04]} Qxe7 {[%emt 0:00:14]} 19. f4 {[%emt 0:02:20]} Rad8 {[%emt 0:04:08]} 20. f5 {[%emt 0:13:30]} Bd7 {[%emt 0:00:16]} 21. Bg5 {[%emt 0:00:48]} Bc6 {[%emt 0:01:49]} 22. Nh5 {[%emt 0:00:19]} Kh8 {[%emt 0:06:19]} 23. Qh3 {[%emt 0:06:02]} Nbd7 {[%emt 0:06:41]} 24. Qh4 {[%emt 0:02:07]} Qf8 {[%emt 0:10:53]} 25. Rad1 {[%emt 0:07:15]} Nxh5 {[%emt 0:05:26]} 26. Bxd8 {[%emt 0:00:26]} Rxd8 {[%emt 0:00:12]} 27. Qxh5 {[%emt 0:00:04]} Nf6 {[%emt 0:00:08]} 28. Qe2 {[%emt 0:02:16]} Qe7 {[%emt 0:00:21]} 29. a4 {[%emt 0:08:36]} Qa7+ {[%emt 0:02:24]} 30. Qf2 {[%emt 0:05:58]} Qb7 {[%emt 0:00:27]} 31. axb5 {[%emt 0:01:40]} Bxb5 {[%emt 0:00:44]} 32. h3 {[%emt 0:01:13]} Bc6 {[%emt 0:00:10]} 33. b4 {[%emt 0:03:39]} Nxe4 {[%emt 0:01:43]} 34. Qe3 {[%emt 0:01:06]} Nf6 {[%emt 0:01:31]} 35. Rd2 {[%emt 0:02:47]} Nd5 {[%emt 0:00:41]} 36. Qg3 {[%emt 0:00:02]} f6 {[%emt 0:01:26]} 37. Red1 {[%emt 0:01:11]} h6 {[%emt 0:00:53]} 38. Kh2 {[%emt 0:02:16]} Nf4 {[%emt 0:00:29]} 39. Rxd6 {[%emt 0:01:58]} Re8 {[%emt 0:00:32]} 40. Be4 {[%emt 0:00:00]} Bxe4 {[%emt 0:00:00]} 41. Rd7 {[%emt 0:03:26]} Nh5 {[%emt 0:08:39]} 42. Qg6 {[%emt 0:00:20]} Qa8 {[%emt 0:00:59]} 43. Qxh5 {[%emt 0:00:35]} Rg8 {[%emt 0:01:37]} 44. Re7 {[%emt 0:08:41]} Bc6 {[%emt 0:01:35]} 45. Rd6 {[%emt 0:01:45]} Be8 {[%emt 0:01:51]} 46. Qd1 {[%emt 0:06:02]} Qe4 {[%emt 0:01:28]} 47. Qf3 {[%emt 0:01:47]} Qc4 {[%emt 0:02:39]} 48. Rd8 {[%emt 0:02:41]} Bc6 {[%emt 0:01:26]} 49. Rxg8+ {[%emt 0:00:51]} Kxg8 {[%emt 0:00:08]} 50. Qg4 {[%emt 0:06:35]} Qxg4 {[%emt 0:00:10]} 51. hxg4 {[%emt 0:00:01]} Bb5 {[%emt 0:00:55]} 52. Kg3 {[%emt 0:00:28]} Kf8 {[%emt 0:00:09]} 53. Rc7 {[%emt 0:00:03]} 1-0

[Event "46th GRE-chT Premier 2018"]
[Site "Rio Achaia"]
[Date "2018.07.12"]
[Round "4"]
[White "Deligiannis, Paraskevas"]
[Black "Tzintzios, Georgios"]
[Result "0-1"]
[WhiteElo "2061"]
[BlackElo "2186"]
[Annotator "NA"]
[PlyCount "96"]
[EventDate "2018.07.10"]
[EventType "team-tourn"]
[EventCountry "GRE"]
[SourceTitle "playchess.com"]
[Source "ChessBase"]
[SourceQuality "1"]
[TimeControl "40/5400+30:1800+30"]

1. d4 {[%emt 0:01:57]} Nf6 {[%emt 0:00:18]} 2. c4 {[%emt 0:00:12]} g6 {[%emt 0:00:08]} 3. f3 {[%emt 0:00:36]} d5 {[%emt 0:03:01]} 4. cxd5 {[%emt 0:00:23]} Nxd5 {[%emt 0:00:15]} 5. e4 {[%emt 0:00:11]} Nb6 {[%emt 0:00:51]} 6. Nc3 {[%emt 0:00:29]} Bg7 {[%emt 0:00:11]} 7. Be3 {[%emt 0:00:23]} Nc6 {[%emt 0:02:27]} 8. Bb5 {[%emt 0:04:57]} O-O {[%emt 0:00:28]} 9. Nge2 {[%emt 0:05:28]} Bd7 {[%emt 0:08:09]} 10. b3 {[%emt 0:11:38]} Nb4 {[%emt 0:16:13]} 11. a3 {[%emt 0:07:30]} Bxb5 {[%emt 0:01:48]} 12. Nxb5 {[%emt 0:00:06]} Na6 {[%emt 0:04:06]} 13. O-O {[%emt 0:07:54]} Qd7 {[%emt 0:00:24]} 14. Nbc3 {[%emt 0:01:55]} e6 {[%emt 0:01:34]} 15. Qe1 {[%emt 0:06:37]} Rac8 {[%emt 0:02:41]} 16. Qf2 {[%emt 0:05:07]} f5 {[%emt 0:00:50]} 17. e5 {[%emt 0:01:02]} Nd5 {[%emt 0:01:48]} 18. Nxd5 {[%emt 0:01:04]} Qxd5 {[%emt 0:00:07]} 19. b4 {[%emt 0:08:45]} Qd7 {[%emt 0:11:58]} 20. h4 {[%emt 0:03:57]} c6 {[%emt 0:04:53]} 21. h5 {[%emt 0:01:36]} gxh5 {[%emt 0:04:24]} 22. Bg5 {[%emt 0:04:51]} Nc7 {[%emt 0:02:18]} 23. Qh4 {[%emt 0:01:21]} Qf7 {[%emt 0:00:25]} 24. Nf4 {[%emt 0:03:04]} h6 {[%emt 0:07:29]} 25. Be7 {[%emt 0:00:53]} Rfe8 {[%emt 0:00:05]} 26. Bf6 {[%emt 0:03:30]} Bxf6 {[%emt 0:00:25]} 27. exf6 {[%emt 0:00:06]} Kh7 {[%emt 0:06:56]} 28. Nd3 {[%emt 0:03:59]} Nd5 {[%emt 0:00:46]} 29. Ne5 {[%emt 0:00:09]} Qxf6 {[%emt 0:00:25]} 30. Qxh5 {[%emt 0:00:07]} Re7 {[%emt 0:01:13]} 31. f4 {[%emt 0:00:57]} Rg8 {[%emt 0:00:13]} 32. Rf3 {[%emt 0:02:03]} Reg7 {[%emt 0:00:56]} 33. Ra2 {[%emt 0:02:34]} Rg3 {[%emt 0:03:09]} 34. Raf2 {[%emt 0:03:35]} Ne3 {[%emt 0:03:36]} 35. Rxg3 {[%emt 0:00:41]} Rxg3 {[%emt 0:00:06]} 36. Nf3 {[%emt 0:02:02]} Nd5 {[%emt 0:02:59]} 37. Ne5 {[%emt 0:02:02]} Rxa3 {[%emt 0:02:18]} 38. b5 {[%emt 0:02:06]} cxb5 {[%emt 0:01:56]} 39. g4 {[%emt 0:01:05]} fxg4 {[%emt 0:02:30]} 40. f5 {[%emt 0:00:00]} Rg3+ {[%emt 0:00:00]} 41. Kf1 {[%emt 0:03:09]} Ne3+ {[%emt 0:02:36]} 42. Ke1 {[%emt 0:01:15]} Rg1+ {[%emt 0:01:31]} 43. Kd2 {[%emt 0:01:31]} Nxf5 {[%emt 0:00:28]} 44. Kc3 {[%emt 0:02:17]} Rg3+ {[%emt 0:01:21]} 45. Kb2 {[%emt 0:00:19]} Re3 {[%emt 0:04:33]} 46. Rc2 {[%emt 0:03:36]} g3 {[%emt 0:02:08]} 47. Rc7+ {[%emt 0:12:30]} Ng7 {[%emt 0:01:03]} 48. Rf7 {[%emt 0:00:15]} Qf2+ {[%emt 0:00:55]} 0-1

[Event "46th GRE-chT Premier 2018"]
[Site "Rio Achaia"]
[Date "2018.07.12"]
[Round "4"]
[White "Damianou, Ioannis"]
[Black "Abelakiotis, Stavros"]
[Result "1/2-1/2"]
[WhiteElo "2058"]
[BlackElo "2029"]
[Annotator "NA"]
[PlyCount "77"]
[EventDate "2018.07.10"]
[EventType "team-tourn"]
[EventCountry "GRE"]
[SourceTitle "playchess.com"]
[Source "ChessBase"]
[SourceQuality "1"]
[TimeControl "40/5400+30:1800+30"]

1. e4 {[%emt 0:00:00]} c5 {[%emt 0:00:00]} 2. Nf3 {[%emt 0:00:00]} Nc6 {[%emt 0:00:23]} 3. d4 {[%emt 0:00:00]} cxd4 {[%emt 0:00:07]} 4. Nxd4 {[%emt 0:00:00]} Nf6 {[%emt 0:00:11]} 5. Nc3 {[%emt 0:00:02]} d6 {[%emt 0:00:07]} 6. Be2 {[%emt 0:00:20]} e5 {[%emt 0:00:11]} 7. Nb3 {[%emt 0:01:07]} Be7 {[%emt 0:00:25]} 8. Bg5 {[%emt 0:00:58]} Nxe4 {[%emt 0:05:54]} 9. Bxe7 {[%emt 0:00:07]} Nxc3 {[%emt 0:00:47]} 10. Bxd8 {[%emt 0:00:08]} Nxd1 {[%emt 0:00:06]} 11. Rxd1 {[%emt 0:03:32]} Kxd8 {[%emt 0:03:23]} 12. Rxd6+ {[%emt 0:00:12]} Ke7 {[%emt 0:00:46]} 13. Rd2 {[%emt 0:01:04]} Bf5 {[%emt 0:04:01]} 14. O-O {[%emt 0:03:08]} Rhd8 {[%emt 0:01:42]} 15. c3 {[%emt 0:01:51]} Rxd2 {[%emt 0:01:55]} 16. Nxd2 {[%emt 0:00:04]} Rd8 {[%emt 0:00:41]} 17. Nc4 {[%emt 0:01:05]} b5 {[%emt 0:07:52]} 18. Ne3 {[%emt 0:01:32]} Bd3 {[%emt 0:00:21]} 19. Bxd3 {[%emt 0:04:47]} Rxd3 {[%emt 0:00:08]} 20. Rd1 {[%emt 0:00:09]} Rxd1+ {[%emt 0:03:32]} 21. Nxd1 {[%emt 0:00:06]} f5 {[%emt 0:04:03]} 22. Kf1 {[%emt 0:06:54]} Kd6 {[%emt 0:02:51]} 23. Ke2 {[%emt 0:05:46]} g6 {[%emt 0:02:43]} 24. f3 {[%emt 0:02:12]} Kc5 {[%emt 0:02:51]} 25. Nf2 {[%emt 0:04:23]} a5 {[%emt 0:02:54]} 26. Nd3+ {[%emt 0:05:58]} Kd5 {[%emt 0:02:50]} 27. g4 {[%emt 0:16:14]} fxg4 {[%emt 0:15:51]} 28. fxg4 {[%emt 0:00:07]} Ke4 {[%emt 0:00:15]} 29. h3 {[%emt 0:03:41]} Ne7 {[%emt 0:02:37]} 30. Nc5+ {[%emt 0:02:57]} Kd5 {[%emt 0:01:00]} 31. Nd7 {[%emt 0:01:59]} Kd6 {[%emt 0:03:22]} 32. Nf6 {[%emt 0:01:40]} h6 {[%emt 0:01:01]} 33. h4 {[%emt 0:02:10]} Ke6 {[%emt 0:04:08]} 34. Ne4 {[%emt 0:01:12]} Nd5 {[%emt 0:06:43]} 35. Nc5+ {[%emt 0:01:58]} Kf6 {[%emt 0:08:34]} 36. Nd7+ {[%emt 0:00:13]} Ke6 {[%emt 0:01:05]} 37. Nc5+ {[%emt 0:01:25]} Kf6 {[%emt 0:00:08]} 38. Nd7+ {[%emt 0:00:15]} Ke6 {[%emt 0:02:36]} 39. Nc5+ {[%emt 0:00:23]} 1/2-1/2

[Event "46th GRE-chT Premier 2018"]
[Site "Rio Achaia"]
[Date "2018.07.12"]
[Round "4"]
[White "Tsagkaropoulos, Spyridon"]
[Black "Ilandzis, Spyridon"]
[Result "0-1"]
[WhiteElo "2052"]
[BlackElo "1980"]
[Annotator "NA"]
[PlyCount "68"]
[EventDate "2018.07.10"]
[EventType "team-tourn"]
[EventCountry "GRE"]
[SourceTitle "playchess.com"]
[Source "ChessBase"]
[SourceQuality "1"]
[TimeControl "40/5400+30:1800+30"]

1. d4 {[%emt 0:07:11]} Nf6 {[%emt 0:00:00]} 2. c4 {[%emt 0:00:59]} e6 {[%emt 0:00:26]} 3. Nf3 {[%emt 0:00:13]} b6 {[%emt 0:01:35]} 4. a3 {[%emt 0:00:44]} Ba6 {[%emt 0:03:41]} 5. Qc2 {[%emt 0:10:25]} c5 {[%emt 0:00:17]} 6. d5 {[%emt 0:12:44]} exd5 {[%emt 0:03:35]} 7. cxd5 {[%emt 0:00:13]} Bb7 {[%emt 0:00:09]} 8. Nc3 {[%emt 0:02:37]} Nxd5 {[%emt 0:04:30]} 9. Nb5 {[%emt 0:02:37]} Be7 {[%emt 0:10:10]} 10. Qe4 {[%emt 0:23:07]} Bc6 {[%emt 0:10:30]} 11. Nd6+ {[%emt 0:01:16]} Kf8 {[%emt 0:00:12]} 12. Nf5 {[%emt 0:01:00]} Bf6 {[%emt 0:00:46]} 13. Qg4 {[%emt 0:03:11]} Qe8 {[%emt 0:08:21]} 14. h4 {[%emt 0:19:31]} h5 {[%emt 0:14:41]} 15. Qc4 {[%emt 0:02:09]} Qe6 {[%emt 0:03:52]} 16. Qc2 {[%emt 0:00:32]} Nc7 {[%emt 0:09:03]} 17. Ng3 {[%emt 0:01:13]} d5 {[%emt 0:04:55]} 18. Bf4 {[%emt 0:01:19]} Nba6 {[%emt 0:01:31]} 19. e3 {[%emt 0:02:32]} d4 {[%emt 0:03:12]} 20. Bc4 {[%emt 0:04:36]} Bd5 {[%emt 0:00:42]} 21. Bxd5 {[%emt 0:00:19]} Nxd5 {[%emt 0:00:18]} 22. O-O {[%emt 0:00:24]} dxe3 {[%emt 0:01:33]} 23. fxe3 {[%emt 0:01:59]} Nxf4 {[%emt 0:02:22]} 24. exf4 {[%emt 0:00:02]} Qe3+ {[%emt 0:00:25]} 25. Kh1 {[%emt 0:00:23]} Qxf4 {[%emt 0:00:18]} 26. Nf5 {[%emt 0:00:17]} Nc7 {[%emt 0:02:41]} 27. g3 {[%emt 0:00:30]} Qg4 {[%emt 0:00:37]} 28. Kg2 {[%emt 0:00:26]} Re8 {[%emt 0:01:57]} 29. Rae1 {[%emt 0:00:13]} Rxe1 {[%emt 0:01:45]} 30. Rxe1 {[%emt 0:00:01]} Ne6 {[%emt 0:00:47]} 31. Ng1 {[%emt 0:02:15]} g6 {[%emt 0:03:58]} 32. Nd6 {[%emt 0:00:27]} Qd4 {[%emt 0:01:03]} 33. Rxe6 {[%emt 0:00:33]} Qd5+ {[%emt 0:02:06]} 34. Qe4 {[%emt 0:00:02]} fxe6 {[%emt 0:00:51]} 0-1

[Event "46th GRE-chT Premier 2018"]
[Site "Rio Achaia"]
[Date "2018.07.12"]
[Round "4"]
[White "Gkogkas, Dimitrios"]
[Black "Papadopoulos, Ioannis K"]
[Result "1/2-1/2"]
[WhiteElo "2038"]
[BlackElo "2410"]
[Annotator "TA"]
[PlyCount "49"]
[EventDate "2018.07.10"]
[EventType "team-tourn"]
[EventCountry "GRE"]
[SourceTitle "playchess.com"]
[Source "ChessBase"]
[SourceQuality "1"]

{[%evp 22,49,4,0,0,2,12,15,19,17,4,10,24,16,12,14,8,0,17,-3,25,26,25,0,24,0,27,0,18,0]} 1. d4 Nf6 2. Nf3 e6 3. Bf4 c5 4. e3 Be7 5. h3 O-O 6. c3 b6 7. Nbd2 Bb7 8. Bd3 d5 9. O-O Nc6 10. Ne5 Nxe5 11. Bxe5 Nd7 {D02: Damenbauernspiele} 12. Bg3 {LiveBook: 3 Partien} (12. Bh2 Re8 13. Qe2 Bf8 14. Nf3 a6 15. Rad1 b5 16. e4 cxd4 17. Nxd4 Qb6 18. e5 b4 19. cxb4 Bxb4 {0-1 (54) Sirnik,B (2210)-Istratescu,A (2583) Aschach 2017}) 12... a6 13. a4 Re8 14. Qb1 $146 ({Vorgänger:} 14. Nf3 Bf6 15. Ne5 g6 16. f4 Bg7 17. Nxd7 Qxd7 18. Bh4 f6 {0-1 (39) Truco Acevedo,A (1957)-Salcedo,P (2232) Medellin 2017}) 14... g6 15. b4 {Mit der Idee bxc5.} c4 16. Bc2 Bf8 17. Nf3 a5 18. b5 Bg7 19. Rd1 f5 20. Ne5 Nf6 21. Bh4 Qc7 22. Bg3 Qe7 23. Bh4 Qc7 24. Bg3 Qe7 25. Bh4 {Precision: Weiß = 42%, Schwarz = 41%.} 1/2-1/2

[Event "46th GRE-chT Premier 2018"]
[Site "Rio Achaia"]
[Date "2018.07.12"]
[Round "4"]
[White "Pappas, Apostolos"]
[Black "Papahristoudis, Anastasios"]
[Result "1/2-1/2"]
[WhiteElo "2034"]
[BlackElo "2012"]
[Annotator "NA"]
[PlyCount "60"]
[EventDate "2018.07.10"]
[EventType "team-tourn"]
[EventCountry "GRE"]
[SourceTitle "playchess.com"]
[Source "ChessBase"]
[SourceQuality "1"]
[TimeControl "40/5400+30:1800+30"]

1. Nf3 d5 2. c4 e6 3. g3 Nf6 4. Bg2 Be7 5. O-O dxc4 6. Na3 Bxa3 7. bxa3 Nc6 8. Qa4 O-O 9. Qxc4 Re8 10. d4 Qd5 11. Qd3 e5 12. e4 Qxe4 13. Qxe4 Nxe4 14. dxe5 Be6 15. Re1 Nc5 16. Be3 Nd3 17. Red1 Rad8 18. Rd2 Bc4 19. Rad1 Ba6 20. h3 Ncxe5 21. Nxe5 Rxe5 22. Bxb7 Bxb7 23. Rxd3 Red5 24. Rxd5 Bxd5 25. Bxa7 c6 26. Rb1 Bxa2 27. Rb8 Rxb8 28. Bxb8 f5 29. Kf1 Kf7 30. Ke2 Ke6 1/2-1/2

[Event "46th GRE-chT Premier 2018"]
[Site "Rio Achaia"]
[Date "2018.07.12"]
[Round "4"]
[White "Gimnopoulos, Lazaros"]
[Black "Manelidis, Savvas"]
[Result "1/2-1/2"]
[WhiteElo "2033"]
[BlackElo "2090"]
[Annotator "NA"]
[PlyCount "84"]
[EventDate "2018.07.10"]
[EventType "team-tourn"]
[EventCountry "GRE"]
[SourceTitle "playchess.com"]
[Source "ChessBase"]
[SourceQuality "1"]
[TimeControl "40/5400+30:1800+30"]

1. e4 {[%emt 0:00:00]} e5 {[%emt 0:00:00]} 2. Nf3 {[%emt 0:00:00]} Nc6 {[%emt 0:00:00]} 3. Bc4 {[%emt 0:00:20]} Bc5 {[%emt 0:00:09]} 4. Nc3 {[%emt 0:00:26]} Nf6 {[%emt 0:01:06]} 5. d3 {[%emt 0:00:17]} h6 {[%emt 0:01:42]} 6. a3 {[%emt 0:00:25]} d6 {[%emt 0:00:49]} 7. h3 {[%emt 0:00:07]} a6 {[%emt 0:02:29]} 8. Be3 {[%emt 0:01:35]} b5 {[%emt 0:06:02]} 9. Ba2 {[%emt 0:04:02]} Ba7 {[%emt 0:08:38]} 10. Bxa7 {[%emt 0:06:28]} Rxa7 {[%emt 0:00:09]} 11. d4 {[%emt 0:00:12]} exd4 {[%emt 0:08:36]} 12. Nxd4 {[%emt 0:01:40]} Nxd4 {[%emt 0:03:17]} 13. Qxd4 {[%emt 0:00:33]} c5 {[%emt 0:00:05]} 14. Qe3 {[%emt 0:02:13]} O-O {[%emt 0:01:53]} 15. O-O {[%emt 0:15:04]} Re8 {[%emt 0:10:21]} 16. f3 {[%emt 0:06:57]} Rd7 {[%emt 0:11:18]} 17. Nd5 {[%emt 0:04:28]} Bb7 {[%emt 0:03:31]} 18. Rfd1 {[%emt 0:15:08]} Re5 {[%emt 0:09:55]} 19. c4 {[%emt 0:07:02]} Nxd5 {[%emt 0:04:05]} 20. cxd5 {[%emt 0:00:23]} f5 {[%emt 0:00:50]} 21. Bb1 {[%emt 0:09:28]} Qe8 {[%emt 0:09:07]} 22. Qf2 {[%emt 0:02:48]} fxe4 {[%emt 0:03:03]} 23. Bxe4 {[%emt 0:00:55]} Qh5 {[%emt 0:01:03]} 24. b4 {[%emt 0:03:18]} Rc7 {[%emt 0:06:12]} 25. a4 {[%emt 0:01:06]} bxa4 {[%emt 0:00:42]} 26. bxc5 {[%emt 0:01:25]} Rxc5 {[%emt 0:00:56]} 27. Rxa4 {[%emt 0:03:00]} Qe8 {[%emt 0:06:16]} 28. Qa2 {[%emt 0:04:49]} Qc8 {[%emt 0:00:59]} 29. Kh2 {[%emt 0:00:21]} h5 {[%emt 0:00:37]} 30. Rb4 {[%emt 0:01:07]} a5 {[%emt 0:00:33]} 31. Rb6 {[%emt 0:00:37]} Re7 {[%emt 0:00:34]} 32. Qf2 {[%emt 0:00:47]} Rc1 {[%emt 0:00:23]} 33. Rxc1 {[%emt 0:00:23]} Qxc1 {[%emt 0:00:02]} 34. Qg3 {[%emt 0:00:22]} Qc7 {[%emt 0:00:46]} 35. Rxd6 {[%emt 0:00:17]} h4 {[%emt 0:00:26]} 36. Qg6 {[%emt 0:00:47]} Kf8 {[%emt 0:00:54]} 37. Qf5+ {[%emt 0:01:01]} Rf7 {[%emt 0:00:17]} 38. Qe5 {[%emt 0:01:29]} Re7 {[%emt 0:00:02]} 39. Qf4+ {[%emt 0:02:18]} Rf7 {[%emt 0:00:01]} 40. Qe5 {[%emt 0:00:00]} Re7 {[%emt 0:00:00]} 41. Qf4+ {[%emt 0:17:19]} Rf7 {[%emt 0:31:50]} 42. Qe5 {[%emt 0:10:40]} Re7 {[%emt 0:00:02]} 1/2-1/2

[Event "46th GRE-chT Premier 2018"]
[Site "Rio Achaia"]
[Date "2018.07.12"]
[Round "4"]
[White "Petrakis, Stylianos"]
[Black "Loukopoulos, Panagiotis-Athanasi"]
[Result "1-0"]
[WhiteElo "2024"]
[BlackElo "1942"]
[Annotator "NA"]
[PlyCount "77"]
[EventDate "2018.07.10"]
[EventType "team-tourn"]
[EventCountry "GRE"]
[SourceTitle "playchess.com"]
[Source "ChessBase"]
[SourceQuality "1"]
[TimeControl "40/5400+30:1800+30"]

1. e4 {[%emt 0:00:00]} c5 {[%emt 0:00:00]} 2. Nf3 {[%emt 0:00:05]} e6 {[%emt 0:00:00]} 3. d4 {[%emt 0:00:09]} cxd4 {[%emt 0:00:06]} 4. Nxd4 {[%emt 0:00:05]} a6 {[%emt 0:00:09]} 5. Bd3 {[%emt 0:00:33]} Nf6 {[%emt 0:00:13]} 6. O-O {[%emt 0:00:15]} Qc7 {[%emt 0:00:11]} 7. Qe2 {[%emt 0:00:26]} d6 {[%emt 0:00:13]} 8. f4 {[%emt 0:01:34]} Nbd7 {[%emt 0:00:15]} 9. Kh1 {[%emt 0:00:29]} Be7 {[%emt 0:01:05]} 10. Nc3 {[%emt 0:00:54]} b5 {[%emt 0:00:15]} 11. Bd2 {[%emt 0:02:08]} Bb7 {[%emt 0:00:26]} 12. b4 {[%emt 0:02:15]} O-O {[%emt 0:22:05]} 13. a4 {[%emt 0:00:47]} bxa4 {[%emt 0:00:19]} 14. Nxa4 {[%emt 0:00:14]} d5 {[%emt 0:08:49]} 15. e5 {[%emt 0:01:35]} Ne4 {[%emt 0:00:06]} 16. Nb3 {[%emt 0:29:33]} Nxd2 {[%emt 0:13:49]} 17. Qxd2 {[%emt 0:00:13]} Bc6 {[%emt 0:07:36]} 18. Nd4 {[%emt 0:10:09]} Bb7 {[%emt 0:01:05]} 19. Rab1 {[%emt 0:08:38]} Nb6 {[%emt 0:10:28]} 20. Nxb6 {[%emt 0:01:17]} Qxb6 {[%emt 0:00:04]} 21. c3 {[%emt 0:11:06]} g6 {[%emt 0:04:35]} 22. Rf3 {[%emt 0:06:00]} Rfe8 {[%emt 0:00:38]} 23. Rh3 {[%emt 0:04:52]} Bf8 {[%emt 0:02:04]} 24. Qe1 {[%emt 0:03:14]} Qd8 {[%emt 0:01:05]} 25. Ra1 {[%emt 0:02:50]} Bg7 {[%emt 0:13:47]} 26. Kg1 {[%emt 0:04:41]} f5 {[%emt 0:08:48]} 27. Ra5 {[%emt 0:04:14]} Bf8 {[%emt 0:01:00]} 28. Rf3 {[%emt 0:04:49]} Qb6 {[%emt 0:00:38]} 29. Qe3 {[%emt 0:00:50]} Rec8 {[%emt 0:01:41]} 30. Be2 {[%emt 0:00:34]} Rxc3 {[%emt 0:01:28]} 31. Qxc3 {[%emt 0:00:22]} Bxb4 {[%emt 0:00:04]} 32. Qb2 {[%emt 0:00:29]} Qxa5 {[%emt 0:01:57]} 33. Nxe6 {[%emt 0:00:38]} Qb6+ {[%emt 0:00:23]} 34. Kh1 {[%emt 0:00:27]} a5 {[%emt 0:00:43]} 35. Ng5 {[%emt 0:00:30]} h6 {[%emt 0:00:45]} 36. e6 {[%emt 0:00:33]} d4 {[%emt 0:00:30]} 37. Nf7 {[%emt 0:00:27]} Qxe6 {[%emt 0:00:23]} 38. Nxh6+ {[%emt 0:00:30]} Kf8 {[%emt 0:00:32]} 39. Rf1 {[%emt 0:00:32]} 1-0

[Event "46th GRE-chT Premier 2018"]
[Site "Rio Achaia"]
[Date "2018.07.12"]
[Round "4"]
[White "Dimopoulos, Symeon"]
[Black "Klerides, Paris"]
[Result "1/2-1/2"]
[WhiteElo "2020"]
[BlackElo "2196"]
[Annotator "NA"]
[PlyCount "64"]
[EventDate "2018.07.10"]
[EventType "team-tourn"]
[EventCountry "GRE"]
[SourceTitle "playchess.com"]
[Source "ChessBase"]
[SourceQuality "1"]
[TimeControl "40/5400+30:1800+30"]

1. e4 {[%emt 0:00:00]} c5 {[%emt 0:00:16]} 2. Nf3 {[%emt 0:00:13]} d6 {[%emt 0:00:19]} 3. Bb5+ {[%emt 0:00:51]} Bd7 {[%emt 0:00:14]} 4. Bxd7+ {[%emt 0:00:39]} Qxd7 {[%emt 0:00:04]} 5. c4 {[%emt 0:00:26]} Nc6 {[%emt 0:00:55]} 6. d4 {[%emt 0:00:58]} cxd4 {[%emt 0:00:46]} 7. Nxd4 {[%emt 0:00:22]} Nf6 {[%emt 0:00:59]} 8. Nc3 {[%emt 0:00:54]} g6 {[%emt 0:00:25]} 9. b3 {[%emt 0:02:58]} Bg7 {[%emt 0:00:39]} 10. Bb2 {[%emt 0:00:26]} O-O {[%emt 0:00:16]} 11. O-O {[%emt 0:00:26]} Rac8 {[%emt 0:11:59]} 12. Rc1 {[%emt 0:08:24]} a6 {[%emt 0:07:15]} 13. Nxc6 {[%emt 0:04:43]} Rxc6 {[%emt 0:11:38]} 14. Qe2 {[%emt 0:03:00]} Rfc8 {[%emt 0:08:18]} 15. Nd5 {[%emt 0:19:23]} b5 {[%emt 0:09:47]} 16. Nb4 {[%emt 0:19:49]} Rb6 {[%emt 0:16:57]} 17. Bd4 {[%emt 0:00:52]} Rb7 {[%emt 0:00:19]} 18. cxb5 {[%emt 0:11:34]} axb5 {[%emt 0:05:22]} 19. Bxf6 {[%emt 0:08:14]} Bxf6 {[%emt 0:00:49]} 20. Nd5 {[%emt 0:00:07]} Bg5 {[%emt 0:10:14]} 21. f4 {[%emt 0:00:11]} Rxc1 {[%emt 0:01:07]} 22. Rxc1 {[%emt 0:00:22]} e6 {[%emt 0:00:16]} 23. fxg5 {[%emt 0:00:46]} exd5 {[%emt 0:00:04]} 24. exd5 {[%emt 0:00:18]} Rb8 {[%emt 0:05:08]} 25. h4 {[%emt 0:03:50]} Re8 {[%emt 0:03:01]} 26. Qf2 {[%emt 0:06:30]} Re5 {[%emt 0:01:41]} 27. Qf3 {[%emt 0:03:05]} Qe8 {[%emt 0:01:28]} 28. g4 {[%emt 0:01:20]} Re3 {[%emt 0:02:54]} 29. Qf4 {[%emt 0:00:24]} Re4 {[%emt 0:00:35]} 30. Qf3 {[%emt 0:00:54]} Re3 {[%emt 0:00:03]} 31. Qf4 {[%emt 0:02:36]} Re4 {[%emt 0:00:02]} 32. Qf3 {[%emt 0:00:51]} Re3 {[%emt 0:01:04]} 1/2-1/2